New TOEIC Writing Coach /

Spremljeno u:
Bibliografski detalji
Glavni autor: Nguyễn Thị Thanh Hương
Format: Knjiga
Jezik:English
Izdano: Tổng Hợp TPHCM, 2011.
Teme:
Oznake: Dodaj oznaku
Bez oznaka, Budi prvi tko označuje ovaj zapis!
Thư viện lưu trữ: Mạng thư viện Đại học Đà Nẵng
LEADER 00991nam a22003011a 4500
001 000035273
003 11550
005 20210327163540.0
008 151110s2011 000 eng
020 |a 9786048557126 
041 |a eng 
082 |a 420.8  |b NG-H 
100 |a Nguyễn Thị Thanh Hương 
245 0 |a New TOEIC Writing Coach /  |c Nguyễn Thị Thanh Hương. 
260 |a Tổng Hợp TPHCM,  |c 2011. 
300 |a 140tr: 20*27.7cm. 
650 |a New TOEIC Writing Coach, 
653 |a TOEIC  |a Writing 
OWN |a LNN 
902 |a TKA 
AVA |a UDN50  |b LNN  |c English  |d 420.8 NG-H  |e available  |t Error 5001 Not defined in file expand_doc_bib_avail.  |f 5  |g 0  |h N  |i 2  |j AN 
999 |a From the UDN01 
AVA |a UDN50  |b LNN  |c English  |d 420.8 NG-H  |e available  |t Error 5001 Not defined in file expand_doc_bib_avail.  |f 5  |g 0  |h N  |i 2  |j AN 
TYP |a Monograph 
TYP |a Printed language 
980 |a Mạng thư viện Đại học Đà Nẵng